20 rokov Katedry informatiky obchodných firiem

Katedra informatiky obchodných firiem je najmladšou katedrou na Obchodnej fakulte. Vznikla v septembri roku 1996. V roku 2016 oslávi 20. výročie svojej existencie. História, vývoj, pracovníci a činnosť katedry v rôznych oblastiach.

Salvato in:
Dettagli Bibliografici
Autore principale: Poláček, Marian
Natura: Capitolo di libro
Lingua:slovacco
Soggetti:
Tags: Aggiungi Tag
Nessun Tag, puoi essere il primo ad aggiungerne!!

MARC

LEADER 00000nla a2200000 4500
001 0224998
005 20240502073704.0
041 0 |a slo 
044 |a SK 
245 1 0 |a 20 rokov Katedry informatiky obchodných firiem  |c Marian Poláček 
520 |a Katedra informatiky obchodných firiem je najmladšou katedrou na Obchodnej fakulte. Vznikla v septembri roku 1996. V roku 2016 oslávi 20. výročie svojej existencie. História, vývoj, pracovníci a činnosť katedry v rôznych oblastiach. 
610 2 0 |a história 
610 2 0 |a vývoj 
610 2 0 |a zamestnanci 
610 2 0 |a fakulty 
610 2 0 |a Ekonomická univerzita v Bratislave 
100 1 |a Poláček, Marian